Normal view
MARC view
- CULPEPER,JONATHAN /ALISON MACKEY AND NAOKO TAGUCHI
Entry Personal Name
001 - CONTROL NUMBER
- control field: 6019
003 - CONTROL NUMBER IDENTIFIER
- control field: JO-AjAnu
005 - DATE AND TIME OF LATEST TRANSACTION
- control field: 20230606071258.0
008 - FIXED-LENGTH DATA ELEMENTS
- fixed length control field: 230606|| aca||aabn | a|a d
040 ## - CATALOGING SOURCE
- Original cataloging agency: JO-AjAnu
- Transcribing agency: JO-AjAnu
100 ## - HEADING--PERSONAL NAME
- Personal name: CULPEPER,JONATHAN /ALISON MACKEY AND NAOKO TAGUCHI
670 ## - SOURCE DATA FOUND
- Source citation: Work cat.: (JO-AjAnu)3119: CULPEPER,JONATHAN /ALISON MACKEY AND NAOKO TAGUCHI , author, SECOND LANGUAGE PRAGMATICS: From Throry to Reseach